खारे पानी की मछलियां : (Record no. 50525)

MARC details
000 -LEADER
fixed length control field 01244nam a22002537a 4500
005 - DATE AND TIME OF LATEST TRANSACTION
control field 20110214110156.0
008 - FIXED-LENGTH DATA ELEMENTS--GENERAL INFORMATION
fixed length control field 090211t xxu||||| |||| 00| 0 hin d
010 ## - LCCN (DPL NO)
LC control number HIN-91870
020 ## - INTERNATIONAL STANDARD BOOK NUMBER
Terms of availability 225.00
International Standard Book Number 9788181501080
035 ## - SYSTEM CONTROL NUMBER
System control number HN-64216
037 ## - SOURCE OF ACQUISITION
Source of stock number/acquisition DBAD / PUB
040 ## - CATALOGING SOURCE
Original cataloging agency DPL
Language of cataloging HN
082 ## - DEWEY DECIMAL CLASSIFICATION NUMBER
Classification number
100 ## - MAIN ENTRY--PERSONAL NAME
Personal name जै़दी, रंजन
9 (RLIN) 25892
245 ## - TITLE STATEMENT
Title खारे पानी की मछलियां :
Statement of responsibility, etc रंजन जै़दी
Remainder of title तथा अन्य कहानियां /
260 ## - PUBLICATION, DISTRIBUTION, ETC. (IMPRINT)
Place of publication, distribution, etc नई दिल्ली
Name of publisher, distributor, etc अरावली बुक्स इंटरनेशनल
Date of publication, distribution, etc 2010
270 ## - ADDRESS
Address डब्ल्यू-30, ओखला इंडस्ट्रीयल एरिया, फेज-11
City नई दिल्ली
Postal code 110020
Telephone number 2638830-32
Fax number 011- 26388829
Electronic mail address aravaliprinters@rediffmail.com
300 ## - PHYSICAL DESCRIPTION
Extent 164पृ.
Dimensions 22सेमी (अजिल्द)
650 ## - SUBJECT ADDED ENTRY--TOPICAL TERM
9 (RLIN) 1169
Topical term or geographic name as entry element लघु कथा साहित्य
650 ## - SUBJECT ADDED ENTRY--TOPICAL TERM
9 (RLIN) 25893
Topical term or geographic name as entry element Hindi Fiction
700 ## - ADDED ENTRY--PERSONAL NAME
Personal name
9 (RLIN) 25894
942 ## - ADDED ENTRY ELEMENTS (KOHA)
Source of classification or shelving scheme Dewey Decimal Classification
Item type Hindi Books
Classification part
Call number suffix जै़दीरं
Holdings
Withdrawn status Lost status Source of classification or shelving scheme Damaged status Not for loan Collection code Home library Current library Date acquired Source of acquisition Cost, normal purchase price Total Checkouts Full call number Barcode Date last seen Copy number Cost, replacement price Koha item type
    Dewey Decimal Classification   Not For Loan Fiction D.B.Act.Division D.B.Act.Division 14/02/2011 DBAD /PUB 225.00   क जै़दीरं HN-64216 14/02/2011 1 225.00 Hindi Books

© Delhi Public Library
Hit Counter
free hit counter